| 000 | 00826cab a2200193 4500 | ||
|---|---|---|---|
| 001 | ABS40385 | ||
| 008 | 090401t1989 xxu||||| |||| 00| 0 eng d | ||
| 035 | _a(Sirsi) u23456 | ||
| 041 | _aeng | ||
| 100 | _aMackenzie, A. | ||
| 245 | 4 | _aThe Scottish planning system | |
| 260 | _c1989 | ||
| 350 | _a0 | ||
| 490 |
_aPlanner _v75(2) February 1989, 8-11(4) |
||
| 520 | _aText of a paper presented at the 1988 Town and Country Planning Summer School. Reviews the series of events which helped shape the planning approach in Scotland . Illustrates how the planning system operates, highlighting town planning, rural areas, green belt land and major retail developments. Passing reference is made to the impact of North Sea oil and gas. References. | ||
| 690 | _aPLANNING LAW AND PRACTICE | ||
| 942 | _n0 | ||
| 948 | _c04/03/1997 | ||
| 999 |
_c15675 _d15675 |
||